<La> Economía Cubana 1979 1. Semestre

Gespeichert in:
Bibliographische Detailangaben
Format: Buch
Sprache:Spanisch
Veröffentlicht: Habana Comité estatal de estadísticas 1979
Tags: Tag hinzufügen
Keine Tags, Fügen Sie das erste Tag hinzu!

MARC

LEADER 00000nam a2200000 4500
001 c142146
005 20041019155324.0
041 0 |a spa 
044 |a CU 
245 1 0 |a <La> Economía Cubana 1979  |b 1. Semestre 
264 1 |a Habana  |b Comité estatal de estadísticas  |c 1979 
300 |a 17 s.